000 01754nam a22001577a 4500
041 _aukr
080 _a09
090 _bТКА
100 _aТкачук М.А.
245 _aЛексико-семантичне поле їжі в діахронічному висвітленні
260 _aОстрог
_bКАФ
_c2009
300 _a49
520 _aВСТУП РОЗДІЛ 1 ОСОБЛИВОСТІ ТЕОРІЇ ЛЕКСИКО-СЕМАНТИЧНОГО ПОЛЯ ТА ІСТОРИЧНИХ ПРОЦЕСІВ У МОВІ 1.1 Лексико-семантичне поле. 1.1.1 Теорія та методи дослідження лексико-семантичного поля. 1.1.2 Лексико-семантичне поле як структурний компонент. 1.1.3 Закономірності функціонування семантичного поля. 1.2 Поняття лексико-синхронічної діахронії в мовознавстві. 1.2.1 Лексико-семантична деривація. 1.2.2 Семантично мотивована лексика. РОЗДІЛ 2 ДІАХРОНІЧНИЙ РОЗВИТОК ЛЕКСИКО-СЕМАНТИЧНОГО ПОЛЯ ЇЖІ АНГЛІЙСЬКОЇ МОВИ 2.1 Лексико-семантичне поле їжі. 2.2 Лексика їжі в діахронії. 2.2.1 Вплив лексико-семантичної деривації на слова лексико-семантичного поля їжі. 2.2.2 Семантична мотивація слів, що позначають теплі та рідкі страви. ВИСНОВКИ
_0лексико-семантичне поле, їжа
650 _aResearch Papers
999 _c284148
_d284148
942 _cBK